| 000 | 01099pam a2200313 a 4500 | ||
|---|---|---|---|
| 001 | 015855896 | ||
| 003 | OSt | ||
| 005 | 20140325153140.0 | ||
| 008 | 110720r19952012xxu fr2b f001 0 eng d | ||
| 020 | _a9780691150451 (pbk.) | ||
| 020 | _a0691150451 (pbk.) | ||
| 040 |
_aStDuBDS _beng _cStDuBDS _dUk |
||
| 082 | 0 | 4 |
_a338.9 _222 _bESC |
| 100 | 1 |
_aEscobar, Arturo, _d1951- _935778 |
|
| 245 | 1 | 0 |
_aEncountering development : _bthe making and unmaking of the third world / _cArturo Escobar. |
| 250 | _aReprint ed. | ||
| 260 |
_aPrinceton, United States ; _aOxford, United Kingdom : _bPrinceton University Press, _c1995 _f(Acid-Free Paper) |
||
| 300 |
_axlvii, 290 p. ; _c24 cm. |
||
| 500 | _aIndex : p. 275-290. | ||
| 500 | _aOriginally published: 1995. | ||
| 500 | _aReprint of the 1995 ed. | ||
| 504 | _aBibliography : p. 249-274. | ||
| 650 | 0 |
_aEconomic development _910495 |
|
| 651 | 0 |
_aDeveloping countries _xEconomic conditions _93692 |
|
| 651 | 0 |
_aDeveloping countries _xSocial conditions _912143 |
|
| 653 |
_bBUSBOL _cMarch2014 |
||
| 655 |
_vreading book _934232 |
||
| 942 |
_2ddc _k338.9 ESC |
||
| 999 |
_c18169 _d18141 |
||